000 01449cam a22003971a 4500
001 33351
005 20230404125743.0
008 940311s1959 sp ab b 000 0 spa
035 _9(DLC) 62040527
035 _a8441001
010 _a62040527
035 _a(OCoLC)30335333
040 _aDLC
_cCaBViV
_dOYU
_dDLC
042 _apremarc
043 _an------
_anc-----
_anw-----
_as------
050 1 4 _a000 E 141
_bF363h 1959
082 0 0 _a970.01
100 2 _aFernandez de Oviedo y Valdes, Gonzalo,
_d1478-1557.
245 1 0 _aHistoria general y natural de las Indias /
_cedición y estudio preliminar, de Juan Pérez de Tudela Bueso.
260 _aMadrid :
_bEdiciones Atlas,
_c1959.
300 _a5 v. :
_bill., maps ;
_c25 cm.
440 0 _aBiblioteca de autores españoles ;
_vt. 117-121
504 _aBibliography: v. 1, p. [clxxi]-clxxv.
650 0 _aNatural history
_zWest Indies.
650 0 _aNatural history
_zCentral America.
651 0 _aAmerica
_yEarly accounts to 1600.
651 0 _aAmerica
_xDiscovery and exploration.
650 4 _aDescubrimientos geográficos.
651 4 _aAmérica
_xDescubrimiento y exploraciones
_xEspañoles.
651 4 _aEspaña
_xColonias
_zAmérica.
651 4 _aRepública Dominicana
_xHistoria
_xDescubrimiento y Conquista*1492-1503
651 4 _aAmérica
_xDescripciones y viajes
700 2 _aPérez de Tudela Bueso, Juan.
942 _2lcc
_cbk
985 _eOCLC REPLACEMENT cdsdistr
999 _c3984
_d3984